Indentured labour/ (Record no. 335353)
[ view plain ]
| 000 -LEADER | |
|---|---|
| fixed length control field | 01437nam a2200373 a 4500 |
| 001 - CONTROL NUMBER | |
| control field | vtls000377918 |
| 003 - CONTROL NUMBER IDENTIFIER | |
| control field | NLI |
| 005 - DATE AND TIME OF LATEST TRANSACTION | |
| control field | 20210602181014.0 |
| 008 - FIXED-LENGTH DATA ELEMENTS--GENERAL INFORMATION | |
| fixed length control field | 110113n ii abc 001 0 eng |
| 020 ## - INTERNATIONAL STANDARD BOOK NUMBER | |
| International Standard Book Number | 8190337106 |
| Terms of availability | Rs. 6,750.00 |
| 039 #9 - LEVEL OF BIBLIOGRAPHIC CONTROL AND CODING DETAIL [OBSOLETE] | |
| -- | 201101132329 |
| -- | VLOAD |
| 040 ## - CATALOGING SOURCE | |
| Original cataloging agency | NLI : |
| Language of cataloging | eng |
| Transcribing agency | NLMARC21 |
| 041 0# - LANGUAGE CODE | |
| Language code of text/sound track or separate title | eng |
| 044 ## - COUNTRY OF PUBLISHING/PRODUCING ENTITY CODE | |
| MARC country code | ii |
| 082 04 - DEWEY DECIMAL CLASSIFICATION NUMBER | |
| Classification number | 306.363 |
| Edition number | 22 |
| 100 1# - MAIN ENTRY--PERSONAL NAME | |
| Personal name | Gujadhur Sarup, Leela |
| 245 10 - TITLE STATEMENT | |
| Title | Indentured labour/ |
| Statement of responsibility, etc. | Leela Gujadhur Sarup |
| 246 34 - VARYING FORM OF TITLE | |
| Display text | Cover title |
| Title proper/short title | Colonial emigration acts 1837-1932 : Indentured labour - slavery to salvation : with a brief history of India |
| 260 ## - PUBLICATION, DISTRIBUTION, ETC. | |
| Place of publication, distribution, etc. | Kolkata : |
| Name of publisher, distributor, etc. | Aldrich International, |
| Date of publication, distribution, etc. | [n.d.] |
| 300 ## - PHYSICAL DESCRIPTION | |
| Extent | xix, 656 p. : |
| Other physical details | ill., maps, ports; |
| Dimensions | 28 cm. |
| Accompanying material | 2 pamphlets |
| 500 ## - GENERAL NOTE | |
| General note | The book has two accompaning booklets; one is the advertisement of the book; the second is the annexe of the original book and bears the title 'Colonial emigration 19th, 20th centuries: Proceedings' |
| 504 ## - BIBLIOGRAPHY, ETC. NOTE | |
| Bibliography, etc. note | Includes bibliographical references and index |
| 650 #0 - SUBJECT ADDED ENTRY--TOPICAL TERM | |
| Topical term or geographic name entry element | Contract labor |
| Geographic subdivision | India |
| General subdivision | History |
| 9 (RLIN) | 560740 |
| 650 #0 - SUBJECT ADDED ENTRY--TOPICAL TERM | |
| Topical term or geographic name entry element | Indentured servants |
| Geographic subdivision | India |
| General subdivision | History |
| 9 (RLIN) | 560741 |
| 651 #0 - SUBJECT ADDED ENTRY--GEOGRAPHIC NAME | |
| Geographic name | India |
| General subdivision | History |
| 9 (RLIN) | 1578 |
| 887 ## - NON-MARC INFORMATION FIELD | |
| Content of non-MARC field | |
| 901 ## - LOCAL DATA ELEMENT A, LDA (RLIN) | |
| a | DB100126 |
| b | 21.6.06 |
| 901 ## - LOCAL DATA ELEMENT A, LDA (RLIN) | |
| a | DB100124 |
| b | 21.6.06 |
| 9 | (an1) |
| 901 ## - LOCAL DATA ELEMENT A, LDA (RLIN) | |
| a | DB100125 |
| b | 21.6.06 |
| 9 | (an2) |
| 902 ## - LOCAL DATA ELEMENT B, LDB (RLIN) | |
| a | E303.363 G949 |
| 942 ## - ADDED ENTRY ELEMENTS (KOHA) | |
| Source of classification or shelving scheme | Dewey Decimal Classification |
| Koha item type | Books |
| 949 ## - LOCAL PROCESSING INFORMATION (OCLC) | |
| -- | VIRTUAITEM |
| -- | 10000 |
| -- | 100 |
| 6 | DBA000100124ENG |
| 9 | (an1) |
| Withdrawn status | Lost status | Source of classification or shelving scheme | Damaged status | Not for loan | Collection code | Home library | Current library | Shelving location | Date acquired | Full call number | Barcode | Date last seen | Price effective from | Koha item type |
|---|---|---|---|---|---|---|---|---|---|---|---|---|---|---|
| Dewey Decimal Classification | New English Oversized | National Library of India | National Library of India | New English Oversized - Main Stack Division | E/O 306.363 G 949 | DBA000100124ENG | 02/06/2021 | 02/06/2021 | Books |
